000 00613cai a22001815a 4500
001 L148029
008 090715u xxk g 000 0 eng d
035 _a(Sirsi) u148029
041 0 _aeng
110 2 _aFish4 trading
_95776
245 0 0 _aFish4homes
_h[electronic resource]
520 _aProvides resources, information and guidance on buying, selling, letting or renting properties in the United Kingdom and internationally.
590 _aKA
651 4 _aInternational
690 _aPROPERTY-PROPERTY MARKET
856 4 0 _uhttps://www.fish4.co.uk/homes/
_zView the website at www.fish4.co.uk...
942 _n0
999 _c120811
_d120811